banner koha

Producao agricola no Parana 1960-1970 [oleaginosas, soja, algodao, amendoim, mamona, milho, feijao, arroz, mandioca, trigo, cana de acucar, menta, oleo essencial, batata inglesa, Brasil] (Registro n. 11651)

MARC details
000 -LÍDER
campo de controle de tamanho fixo 01287nam a22003737a 4500
001 - NÚMERO DE CONTROLE
campo de controle BR6002241
003 - IDENTIFICADOR DO NÚMERO DE CONTROLE
campo de controle BR-BrBNA
005 - DATA E HORÁRIO DA ÚLTIMA TRANSAÇÃO
campo de controle 20230928083121.0
007 - CAMPO FIXO DE DESCRIÇÃO FÍSICA--INFORMAÇÃO GERAL
campo de controle de tamanho fixo ta
008 - CAMPO DE DADOS FIXOS--INFORMAÇÃO GERAL
campo de controle de tamanho fixo 230509b bl.||||| |||| 00| 0 por d
040 ## - FONTE DA CATALOGAÇÃO
Instituição da catalogação original BR-BrBNA
Idioma da catalogação por
Instituição que transcreveu o registro Biblioteca Nacional de Agricultura
041 ## - CÓDIGO DE IDIOMA
Código do idioma do texto/trilha sonora ou título diferente (Por)
072 ## - CÓDIGO DE CATEGORIA DE ASSUNTO
Código de Categoria de Assunto F00; E70; E15
Código do objeto 0330
-- 2120
-- 0120
-- 1410
-- 1540
-- 0180
-- 0230
-- 8966
-- 0210
-- /G514
090 ## - NÚMERO DE CHAMADA LOCAL
-- 0330 BR6002241
100 1# - ENTRADA PRINCIPAL--NOME PESSOAL
Nome pessoal Penteado, J.E.
110 1# - ENTRADA PRINCIPAL--NOME CORPORATIVO
Nome corporativo ou nome da jurisdição Banco de Desenvolvimento do Parana S.A., Curitiba (Brasil). Depto. de Estudos Economicos
9 (RLIN) 1090
245 1# - TÍTULO
Título Producao agricola no Parana 1960-1970 [oleaginosas, soja, algodao, amendoim, mamona, milho, feijao, arroz, mandioca, trigo, cana de acucar, menta, oleo essencial, batata inglesa, Brasil]
260 3# - PUBLICAÇÃO, DISTRIBUIÇÃO, ETC.
Local de publicação, distribuição, etc. Curitiba, PR (Brasil):
Data da publicação, distribuição, etc. 1970.
300 ## - DESCRIÇÃO FÍSICA
Extensão 114 p.
500 ## - NOTA GERAL
Nota geral Numerical data; Reprint of "Revista Paranaense de Desenvolvimento", Jun/Aug 1970 no. 19
650 ## - ASSUNTO--TERMO TÓPICO
Cabeçalho tópico ou nome geográfico MERCADO
650 ## - ASSUNTO--TERMO TÓPICO
Cabeçalho tópico ou nome geográfico ESTATISTICA DE PRODUCAO
650 ## - ASSUNTO--TERMO TÓPICO
Cabeçalho tópico ou nome geográfico CAFE
650 ## - ASSUNTO--TERMO TÓPICO
Cabeçalho tópico ou nome geográfico PLANTA OLEAGINOSA
650 ## - ASSUNTO--TERMO TÓPICO
Cabeçalho tópico ou nome geográfico MILHO
650 ## - ASSUNTO--TERMO TÓPICO
Cabeçalho tópico ou nome geográfico FEIJAO
650 ## - ASSUNTO--TERMO TÓPICO
Cabeçalho tópico ou nome geográfico TRIGO
650 ## - ASSUNTO--TERMO TÓPICO
Cabeçalho tópico ou nome geográfico CANA DE ACUCAR
650 ## - ASSUNTO--TERMO TÓPICO
Cabeçalho tópico ou nome geográfico OLEO ESSENCIAL
650 ## - ASSUNTO--TERMO TÓPICO
Cabeçalho tópico ou nome geográfico BATATA INGLESA
650 ## - ASSUNTO--TERMO TÓPICO
Cabeçalho tópico ou nome geográfico PARANA
909 ## -
-- 202309
-- Lucia
-- 55
-- Lucia Elande
942 ## - ELEMENTOS DE ENTRADA ADICIONADOS (KOHA)
Tipo de material Koha Livros
Exemplares
Situação do descarte Fonte da classificação ou esquema de arquivamento na estante Situação física Não pode ser emprestado Coleção Biblioteca de origem Biblioteca atual Total de empréstimos Número de telefone completo Código de barras Data de último acesso Número do exemplar Tipo de material Koha Situação das perdas Data de aquisição Fonte de aquisição
  Classificação AGRIS       Biblioteca Nacional de Agricultura - Binagri Biblioteca Nacional de Agricultura - Binagri   0330 BR6002241 0330 BR6002241 25/09/2023 01 Livros   2023-09-25 Portaria Interministerial nº 164/94

BINAGRI

Telefone: (61)3218-2567/2388/3357/2097 - binagri@agro.gov.br

Ministério da Agricultura e Pecuária , Esplanada dos Ministérios, Bloco D, Anexo B, Brasília/DF, CEP: 70.043-900